All 2024 Olympic Medalists: Badminton - Statistics

General Stats
  • This quiz has been taken 68 times
  • The average score is 16 of 24
Answer Stats
Event Medal Nationality/Team Medalist % Correct
Men's Singles Gold Denmark Viktor Axelsen
97%
Men's Singles Bronze Malaysia Lee Zii Jia
92%
Men's Singles Silver Thailand Kunlavut Vitidsarn
89%
Women's Singles Gold South Korea An Se-young
85%
Men's Doubles Bronze Malaysia Aaron Chia
73%
Mixed Doubles Gold China Zheng Siwei
69%
Women's Singles Bronze Indonesia Gregoria Mariska Tunjung
68%
Men's Doubles Silver China Wang Chang
68%
Women's Singles Silver China He Bingjiao
66%
Men's Doubles Bronze Malaysia Soh Wooi Yik
66%
Men's Doubles Gold Chinese Taipei Wang Chi-lin
66%
Men's Doubles Gold Chinese Taipei Lee Yang
65%
Women's Doubles Bronze Japan Chiharu Shida
63%
Mixed Doubles Bronze Japan Yuta Watanabe
63%
Women's Doubles Gold China Jia Yifan
61%
Women's Doubles Bronze Japan Nami Matsuyama
61%
Women's Doubles Gold China Chen Qingchen
60%
Men's Doubles Silver China Liang Weikeng
60%
Mixed Doubles Bronze Japan Arisa Higashino
58%
Mixed Doubles Silver South Korea Kim Won-ho
53%
Women's Doubles Silver China Tan Ning
48%
Women's Doubles Silver China Liu Shengshu
47%
Mixed Doubles Silver South Korea Jeong Na-eun
44%
Mixed Doubles Gold China Hunag Yaqiong
40%
No matching quizzes found
Score Distribution
Percent of People with Each Score
Percentile by Number Answered
Your Score History
You have not taken this quiz